| 000 | 04018nam a22005055i 4500 | ||
|---|---|---|---|
| 001 | 978-3-030-41124-4 | ||
| 003 | DE-He213 | ||
| 005 | 20200904105048.0 | ||
| 007 | cr nn 008mamaa | ||
| 008 | 200306s2020 gw | s |||| 0|eng d | ||
| 020 |
_a9783030411244 _9978-3-030-41124-4 |
||
| 024 | 7 |
_a10.1007/978-3-030-41124-4 _2doi |
|
| 050 | 4 | _aB67 | |
| 072 | 7 |
_aPDA _2bicssc |
|
| 072 | 7 |
_aSCI075000 _2bisacsh |
|
| 072 | 7 |
_aPDA _2thema |
|
| 082 | 0 | 4 |
_a501 _223 |
| 100 | 1 |
_aGilead, Amihud. _eauthor. _4aut _4http://id.loc.gov/vocabulary/relators/aut |
|
| 245 | 1 | 4 |
_aThe Panenmentalist Philosophy of Science _h[electronic resource] : _bFrom the Recognition of Individual Pure Possibilities to Actual Discoveries / _cby Amihud Gilead. |
| 250 | _a1st ed. 2020. | ||
| 264 | 1 |
_aCham : _bSpringer International Publishing : _bImprint: Springer, _c2020. |
|
| 300 |
_aXII, 315 p. 2 illus. _bonline resource. |
||
| 336 |
_atext _btxt _2rdacontent |
||
| 337 |
_acomputer _bc _2rdamedia |
||
| 338 |
_aonline resource _bcr _2rdacarrier |
||
| 347 |
_atext file _bPDF _2rda |
||
| 490 | 1 |
_aSynthese Library, Studies in Epistemology, Logic, Methodology, and Philosophy of Science, _x0166-6991 ; _v424 |
|
| 505 | 0 | _aAcknowledgments -- 1. Introduction -- 2. How Many Pure Possibilities Are There? Or Contra Actualism -- 3. A Panenmentalist Consideration of the Identity of Indiscernibles -- 4. Two Kinds of Discovery: An Ontological Account -- 5. Mathematical Possibilities and their Discovery -- 6. A Panenmentalist Approach to Molyneux’s Problem and Some Empirical Findings -- 7. Pure Possibilities and Some Striking Scientific Discoveries -- 8. The Philosophical Significance of Alan Mackay’s Theoretical Discovery of Quasicrystals -- 9. Shechtman’s Three Question Marks: Possibility, Impossibility, and Quasicrystals -- 10. Eka-Elements as Chemical Pure Possibilities -- 11. Quantum Pure Possibility and Macroscopic Physics -- 12. Brain-images and the Human Mind -- 13. Neoteny and the Playground of Pure Possibilities -- 14. Milgram’s Experience and Saving Possibilities -- 15. Singularity and Uniqueness: Why Is Our Immune System Subject to Psychological and Cognitive Traits? -- References -- Index. | |
| 520 | _aThis book presents a philosophy of science, based on panenmentalism: an original modal metaphysics, which is realist about individual pure (non-actual) possibilities and rejects the notion of possible worlds. The book systematically constructs a new and novel way of understanding and explaining scientific progress, discoveries, and creativity. It demonstrates that a metaphysics of individual pure possibilities is indispensable for explaining and understanding mathematics and natural sciences. It examines the nature of individual pure possibilities, actualities, mind-dependent and mind-independent possibilities, as well as mathematical entities. It discusses in detail the singularity of each human being as a psychical possibility. It analyses striking scientific discoveries, and illustrates by means of examples of the usefulness and vitality of individual pure possibilities in the sciences. | ||
| 650 | 0 | _aPhilosophy and science. | |
| 650 | 0 | _aMathematical logic. | |
| 650 | 1 | 4 |
_aPhilosophy of Science. _0https://scigraph.springernature.com/ontologies/product-market-codes/E34000 |
| 650 | 2 | 4 |
_aMathematical Logic and Foundations. _0https://scigraph.springernature.com/ontologies/product-market-codes/M24005 |
| 710 | 2 | _aSpringerLink (Online service) | |
| 773 | 0 | _tSpringer Nature eBook | |
| 776 | 0 | 8 |
_iPrinted edition: _z9783030411237 |
| 776 | 0 | 8 |
_iPrinted edition: _z9783030411251 |
| 776 | 0 | 8 |
_iPrinted edition: _z9783030411268 |
| 830 | 0 |
_aSynthese Library, Studies in Epistemology, Logic, Methodology, and Philosophy of Science, _x0166-6991 ; _v424 |
|
| 856 | 4 | 0 | _uhttps://doi.org/10.1007/978-3-030-41124-4 |
| 912 | _aZDB-2-REP | ||
| 912 | _aZDB-2-SXPR | ||
| 999 |
_c461296 _d461296 |
||